Представление документа в формате MARC21

Поле Инд. ПП Название Значение
Тип записи a
Библиографический уровень b
001 Контрольный номер 8a6f6a6a72654f6d87c761224aeed4ab
005 Дата корректировки 20240314153551.3
024 80 a Стандартный номер 10.1016/j.scriptamat.2023.115391
040 a Служба первич. каталог. РИНЦ
b Код языка каталог. rus
041 0_ a Код языка текста eng
097 a Василенко М.А.
100 1_ a Автор Shuitcev A. V.
100 1_ a Автор Khomutov M. G.
100 1_ a Автор Vasin R. N.
245 10 a Заглавие The Role of H-Phase in Thermal Hysteresis and Shape Memory Properties in Ni50Ti30Hf20Alloy
773 18 t Название источника Scripta Materialia
b Сведения об издании Elsevier Ltd.
c United Kingdom
d Место и дата издания 2023
m Специф. данные входит в Белый список; входит в Scopus; входит в wos; входит в ядро РИНЦ; ненулевой импакт-фактор;; зарубежный журнал
q У1 Белый список; Q1 Scopus 2022
x ISSN 1359-6462
g Прочая информация Т. 230. - С. 115391
w Контрольный № источника 148fa5121071432ab42a5e7433656936
856 40 u URL https://elibrary.ru/item.asp?id=60978955
901 t Тип документа b
952 c Вид литературы статья в журнале